Представление документа в формате RUSMARC

ПолеНазваниеЗначение
  Тип записи a
  Библиографический уровень m
001 Контрольный номер RU/CBS_UL/BASE/571158415
005 Дата корректировки 20240209174806.6
010 Индекс ISBN __
b Уточнения в пер.
d Цена 80 к.
9 Тираж экз.
100 Данные общей обработки __
a Данные общей обработки 20180205d2018 ||| 0rusy0189 ca
101 Язык документа 0_
a Язык текста rus
102 Страна публикации __
a Страна публикации RU
105 Кодированные данные (монография) __
a Кодированные данные (монография) y###||||000|y
200 Заглавие и сведения об ответственности 1_
a Заглавие Африканский мальчик
b Общее обозначение материала Текст
e Сведения, относящиеся к заглавию пер. фр.
f Первые сведения об ответственности Л. Камара
g Последующие сведения об ответственности предисл., пер. и примеч. И. Тогоевой
210 Выходные данные 1_
a Место издания Москва
c Издательство Радуга
d Дата издания 1987
215 Физическое описание __
a Объем 128 с.
d Формат см.
300 Общие примечания __
a Общие примечания Ограничения по возрасту - 12+
300 Общие примечания __
a Общие примечания Под инв. номером 20626 : Цс-1, 3-2, 17-2, 18-1
606 Тематические рубрики 0_
a Основная рубрика Африканская литература, 20 в. - Проза
610 Ключевые слова 0_
a Ключевые слова литература африканская
a Ключевые слова дети
a Ключевые слова деревни гвинейские
a Ключевые слова быт деревни
a Ключевые слова уклад жизни
a Ключевые слова окружающая действительность
686 Индексы других классификаций __
a Классификационный индекс 84(6Афр)
2 Код системы ББК
700 Автор _1
a Фамилия Камара
b Имя (инициалы) Лай
g Полное личное имя Л.
801 Источник записи _0
a Страна RU
b Организация МБУК ЦБС
c Дата составления 20180205
g Правила каталогизации RCR
801 Источник записи _1
a Страна RU
b Организация МБУК ЦБС г. Ульяновска
c Дата составления 20180205
g Правила каталогизации RCR
899 Данные о местонахождении __
i Авторский знак К 18
j Расстановочный фильтр И(Афр)
901 Тип документа __
t Тип документа m
910 Корректоры записи __
a Корректор записи Зотова